000 00321nam a22001457a 4500
008 210225b ||||| |||| 00| 0 eng d
020 _a9780030350849
041 _aeng
080 _27th
_a33
082 _a33
100 _a59
101 _aBUS
245 _aBussiner Reasearch Methods
_cZikmund, W.G
942 _2udc
_cBK
999 _c55183
_d55183